<?xml version="1.0" encoding="UTF-8"?>
<record
    xmlns:xsi="http://www.w3.org/2001/XMLSchema-instance"
    xsi:schemaLocation="http://www.loc.gov/MARC21/slim http://www.loc.gov/standards/marcxml/schema/MARC21slim.xsd"
    xmlns="http://www.loc.gov/MARC21/slim">

  <leader>03566nam a2200265   4500</leader>
  <controlfield tag="003">NALT</controlfield>
  <controlfield tag="005">20250918135909.0</controlfield>
  <controlfield tag="008">250916b        th ||||| |||| 00| 0 tha d</controlfield>
  <datafield tag="020" ind1=" " ind2=" ">
    <subfield code="a">9786165362269</subfield>
  </datafield>
  <datafield tag="040" ind1=" " ind2=" ">
    <subfield code="a">NALT</subfield>
  </datafield>
  <datafield tag="050" ind1=" " ind2=" ">
    <subfield code="a">DS 578.32</subfield>
    <subfield code="b">&#xE2A;979&#xE2A; 2567</subfield>
  </datafield>
  <datafield tag="100" ind1="0" ind2=" ">
    <subfield code="a">&#xE42;&#xE2A;&#xE20;&#xE13; &#xE2D;&#xE07;&#xE04;&#xE4C;&#xE01;&#xE32;&#xE23;&#xE13;&#xE4C;.</subfield>
    <subfield code="9">66569</subfield>
  </datafield>
  <datafield tag="245" ind1="1" ind2="0">
    <subfield code="a">&#xE42;&#xE2A;&#xE20;&#xE13; &#xE2D;&#xE07;&#xE04;&#xE4C;&#xE01;&#xE32;&#xE23;&#xE13;&#xE4C; &#xE04;&#xE19;&#xE02;&#xE48;&#xE32;&#xE27;&#xE15;&#xE31;&#xE27;&#xE08;&#xE23;&#xE34;&#xE07; /</subfield>
    <subfield code="c">&#xE42;&#xE2A;&#xE20;&#xE13; &#xE2D;&#xE07;&#xE04;&#xE4C;&#xE01;&#xE32;&#xE23;&#xE13;&#xE4C;.</subfield>
  </datafield>
  <datafield tag="250" ind1=" " ind2=" ">
    <subfield code="a">&#xE1E;&#xE34;&#xE21;&#xE1E;&#xE4C;&#xE04;&#xE23;&#xE31;&#xE49;&#xE07;&#xE41;&#xE23;&#xE01;.</subfield>
  </datafield>
  <datafield tag="260" ind1=" " ind2=" ">
    <subfield code="a">&#xE01;&#xE23;&#xE38;&#xE07;&#xE40;&#xE17;&#xE1E;&#xE2F; : </subfield>
    <subfield code="b">&#xE1A;&#xE38;&#xE4A;&#xE04; &#xE14;&#xE47;&#xE2D;&#xE17; &#xE04;&#xE2D;&#xE21;,</subfield>
    <subfield code="c">2567.</subfield>
  </datafield>
  <datafield tag="300" ind1=" " ind2=" ">
    <subfield code="a">191 &#xE2B;&#xE19;&#xE49;&#xE32; : </subfield>
    <subfield code="b">&#xE20;&#xE32;&#xE1E;&#xE1B;&#xE23;&#xE30;&#xE01;&#xE2D;&#xE1A; ;</subfield>
    <subfield code="c">21 &#xE0B;&#xE21;.</subfield>
  </datafield>
  <datafield tag="505" ind1="2" ind2=" ">
    <subfield code="a">&#xE42;&#xE2A;&#xE20;&#xE13; &#xE2D;&#xE07;&#xE04;&#xE4C;&#xE01;&#xE32;&#xE23;&#xE13;&#xE4C; &#xE43;&#xE19;&#xE04;&#xE27;&#xE32;&#xE21;&#xE17;&#xE23;&#xE07;&#xE08;&#xE33;&#xE02;&#xE2D;&#xE07; "&#xE2A;&#xE19;&#xE18;&#xE34; &#xE25;&#xE34;&#xE49;&#xE21;&#xE17;&#xE2D;&#xE07;&#xE01;&#xE38;&#xE25;" -- &#xE1A;&#xE17;&#xE19;&#xE33; -- &#xE40;&#xE2A;&#xE49;&#xE19;&#xE17;&#xE32;&#xE07;&#xE0A;&#xE35;&#xE27;&#xE34;&#xE15;&#xE02;&#xE2D;&#xE07; "&#xE42;&#xE2A;&#xE20;&#xE13; &#xE2D;&#xE07;&#xE04;&#xE4C;&#xE01;&#xE32;&#xE23;&#xE13;&#xE4C;" -- &#xE1A;&#xE17;&#xE04;&#xE27;&#xE32;&#xE21;&#xE15;&#xE48;&#xE32;&#xE07;&#xE1B;&#xE23;&#xE30;&#xE40;&#xE17;&#xE28; &#xE1B;&#xE35; 2560-2567 -- &#xE01;&#xE23;&#xE30;&#xE40;&#xE1B;&#xE4B;&#xE32;&#xE25;&#xE31;&#xE1A;&#xE15;&#xE23;&#xE30;&#xE01;&#xE39;&#xE25;&#xE04;&#xE34;&#xE21; -- '&#xE04;&#xE32;&#xE15;&#xE32;&#xE42;&#xE25;&#xE40;&#xE19;&#xE35;&#xE22;' &#xE02;&#xE2D;&#xE40;&#xE1B;&#xE47;&#xE19;&#xE40;&#xE2D;&#xE01;&#xE23;&#xE32;&#xE0A;! -- &#xE40;&#xE21;&#xE37;&#xE48;&#xE2D;&#xE15;&#xE31;&#xE27;&#xE15;&#xE25;&#xE01;&#xE40;&#xE1B;&#xE47;&#xE19;&#xE1C;&#xE39;&#xE49;&#xE19;&#xE33;&#xE22;&#xE39;&#xE40;&#xE04;&#xE23;&#xE19; -- &#xE28;&#xE36;&#xE01;&#xE0A;&#xE34;&#xE07;&#xE02;&#xE38;&#xE21;&#xE17;&#xE23;&#xE31;&#xE1E;&#xE22;&#xE4C;&#xE19;&#xE49;&#xE33;&#xE21;&#xE31;&#xE19; '&#xE40;&#xE27;&#xE40;&#xE19;&#xE0B;&#xE38;&#xE40;&#xE2D;&#xE25;&#xE32;' -- &#xE40;&#xE2D;&#xE01;&#xE2A;&#xE32;&#xE23;&#xE25;&#xE31;&#xE1A;&#xE1B;&#xE39;&#xE14;&#xE04;&#xE19;&#xE14;&#xE31;&#xE07;&#xE0B;&#xE38;&#xE01;&#xE17;&#xE23;&#xE31;&#xE1E;&#xE22;&#xE4C; -- &#xE2B;&#xE19;&#xE35;&#xE49;&#xE40;&#xE19;&#xE48;&#xE32;&#xE2D;&#xE2A;&#xE31;&#xE07;&#xE2B;&#xE32;&#xE2F; &#xE08;&#xE35;&#xE19;&#xE25;&#xE32;&#xE21;&#xE2B;&#xE19;&#xE31;&#xE01; -- &#xE23;&#xE31;&#xE2A;&#xE40;&#xE0B;&#xE35;&#xE22;&#xE40;&#xE1B;&#xE34;&#xE14;&#xE09;&#xE32;&#xE01;&#xE1A;&#xE38;&#xE01;&#xE22;&#xE39;&#xE40;&#xE04;&#xE23;&#xE19; -- &#xE1C;&#xE39;&#xE49;&#xE19;&#xE33;&#xE40;&#xE1C;&#xE14;&#xE47;&#xE08;&#xE01;&#xE32;&#xE23;&#xE2D;&#xE22;&#xE39;&#xE48;&#xE19;&#xE32;&#xE19;&#xE17;&#xE35;&#xE48;&#xE2A;&#xE38;&#xE14; -- &#xE27;&#xE34;&#xE01;&#xE24;&#xE15;&#xE18;&#xE19;&#xE32;&#xE04;&#xE32;&#xE23; &#xE04;&#xE48;&#xE32;&#xE40;&#xE07;&#xE34;&#xE19;&#xE14;&#xE2D;&#xE25;&#xE25;&#xE32;&#xE23;&#xE4C; -- &#xE2A;&#xE2B;&#xE23;&#xE31;&#xE10;&#xE2F; &#xE01;&#xE31;&#xE1A;&#xE27;&#xE34;&#xE01;&#xE24;&#xE15;&#xE40;&#xE1F;&#xE19;&#xE17;&#xE32;&#xE19;&#xE34;&#xE25; -- &#xE1A;&#xE17;&#xE04;&#xE27;&#xE32;&#xE21;&#xE01;&#xE32;&#xE23;&#xE40;&#xE21;&#xE37;&#xE2D;&#xE07; &#xE1B;&#xE35; 2555-2560 -- &#xE2D;&#xE20;&#xE34;&#xE21;&#xE2B;&#xE32;&#xE04;&#xE48;&#xE32;&#xE42;&#xE07;&#xE48; 3.5 &#xE41;&#xE2A;&#xE19;&#xE25;&#xE49;&#xE32;&#xE19;&#xE1A;&#xE32;&#xE17;! -- &#xE20;&#xE31;&#xE22;&#xE40;&#xE2B;&#xE25;&#xE35;&#xE48;&#xE22;&#xE21;&#xE04;&#xE38;&#xE01;&#xE04;&#xE32;&#xE21;&#xE19;&#xE32;&#xE02;&#xE49;&#xE32;&#xE27;&#xE44;&#xE17;&#xE22; -- &#xE28;&#xE36;&#xE01;&#xE16;&#xE25;&#xE01;&#xE2B;&#xE19;&#xE31;&#xE07;&#xE40;&#xE02;&#xE21;&#xE23; &#xE19;&#xE31;&#xE01;&#xE02;&#xE32;&#xE22;&#xE0A;&#xE32;&#xE15;&#xE34; -- &#xE43;&#xE19;&#xE17;&#xE35;&#xE48;&#xE2A;&#xE38;&#xE14;&#xE01;&#xE47;&#xE41;&#xE2D;&#xE48;&#xE19;&#xE41;&#xE2D;&#xE4A;&#xE19; -- &#xE16;&#xE49;&#xE32;&#xE1C;&#xE21;&#xE44;&#xE14;&#xE49;&#xE40;&#xE1B;&#xE47;&#xE19;&#xE19;&#xE32;&#xE22;&#xE01;&#xE2F; -- &#xE1A;&#xE23;&#xE34;&#xE29;&#xE31;&#xE17; &#xE02;&#xE49;&#xE32;&#xE27;&#xE41;&#xE2B;&#xE48;&#xE07;&#xE0A;&#xE32;&#xE15;&#xE34; &#xE08;&#xE33;&#xE01;&#xE31;&#xE14; -- &#xE02;&#xE2D;&#xE40;&#xE2A;&#xE19;&#xE2D; "&#xE1A;&#xE23;&#xE23;&#xE29;&#xE31;&#xE17;&#xE1E;&#xE25;&#xE31;&#xE07;&#xE07;&#xE32;&#xE19;&#xE41;&#xE2B;&#xE48;&#xE07;&#xE0A;&#xE32;&#xE15;&#xE34;" &#xE14;&#xE49;&#xE27;&#xE22; -- &#xE01;&#xE1A;&#xE0F;&#xE1C;&#xE35;&#xE1A;&#xE38;&#xE0D;&#xE0A;&#xE34;&#xE15;&#xE31;&#xE07;&#xE41;&#xE21; 4.0 -- &#xE1A;&#xE17;&#xE04;&#xE27;&#xE32;&#xE21;&#xE01;&#xE32;&#xE23;&#xE40;&#xE21;&#xE37;&#xE2D;&#xE07; &#xE1B;&#xE35; 2561-2567 -- &#xE40;&#xE21;&#xE37;&#xE2D;&#xE07;&#xE44;&#xE17;&#xE22;&#xE20;&#xE32;&#xE22;&#xE43;&#xE15;&#xE49; '&#xE23;&#xE30;&#xE1A;&#xE2D;&#xE1A; 3 &#xE25;&#xE38;&#xE07;' -- &#xE04;&#xE1A;&#xE2A;&#xE2B;&#xE23;&#xE31;&#xE10;&#xE2F; &#xE44;&#xE14;&#xE49;&#xE2B;&#xE23;&#xE37;&#xE2D;&#xE40;&#xE2A;&#xE35;&#xE22;&#xE21;&#xE32;&#xE01;&#xE01;&#xE27;&#xE48;&#xE32; -- &#xE02;&#xE2D;&#xE25;&#xE32;&#xE22;&#xE38;&#xE04; 8 &#xE1B;&#xE35;&#xE17;&#xE35;&#xE48; "&#xE41;&#xE1B;&#xE14;&#xE40;&#xE1B;&#xE37;&#xE49;&#xE2D;&#xE19;" -- &#xE40;&#xE2B;&#xE22;&#xE37;&#xE48;&#xE2D;&#xE01;&#xE23;&#xE30;&#xE41;&#xE2A; '&#xE25;&#xE31;&#xE17;&#xE18;&#xE34;&#xE2A;&#xE49;&#xE21;' -- &#xE1E;&#xE23;&#xE23;&#xE04;&#xE2A;&#xE30;&#xE15;&#xE2D;&#xE23;&#xE2D;&#xE01;&#xE32;&#xE23;&#xE2A;&#xE39;&#xE0D;&#xE1E;&#xE31;&#xE19;&#xE18;&#xE38;&#xE4C; -- &#xE42;&#xE23;&#xE04;&#xE1A;&#xE49;&#xE32;&#xE0B;&#xE2D;&#xE1F;&#xE15;&#xE4C;&#xE1E;&#xE32;&#xE27;&#xE40;&#xE27;&#xE2D;&#xE23;&#xE4C;&#xE23;&#xE30;&#xE1A;&#xE32;&#xE14; -- '&#xE19;&#xE31;&#xE01;&#xE42;&#xE17;&#xE29;' &#xE01;&#xE38;&#xE21;&#xE2D;&#xE33;&#xE19;&#xE32;&#xE08;&#xE40;&#xE2B;&#xE19;&#xE37;&#xE2D;&#xE23;&#xE31;&#xE10; -- &#xE42;&#xE1E;&#xE22;&#xE2B;&#xE23;&#xE37;&#xE2D;&#xE44;&#xE21;&#xE48;&#xE42;&#xE1E;&#xE22;&#xE2D;&#xE22;&#xE39;&#xE48;&#xE17;&#xE35;&#xE48;&#xE2A;&#xE21;&#xE2D;&#xE07; -- "&#xE23;&#xE2D;&#xE40;&#xE27;&#xE23;&#xE01;&#xE23;&#xE23;&#xE21;&#xE02;&#xE08;&#xE31;&#xE14;&#xE04;&#xE27;&#xE32;&#xE21;&#xE2D;&#xE31;&#xE1B;&#xE22;&#xE28;" &#xE07;&#xE32;&#xE19;&#xE40;&#xE02;&#xE35;&#xE22;&#xE19;&#xE0A;&#xE34;&#xE49;&#xE19;&#xE2A;&#xE38;&#xE14;&#xE17;&#xE49;&#xE32;&#xE22;.</subfield>
  </datafield>
  <datafield tag="600" ind1="0" ind2="4">
    <subfield code="a">&#xE42;&#xE2A;&#xE20;&#xE13; &#xE2D;&#xE07;&#xE04;&#xE4C;&#xE01;&#xE32;&#xE23;&#xE13;&#xE4C;</subfield>
    <subfield code="x">&#xE0A;&#xE35;&#xE27;&#xE1B;&#xE23;&#xE30;&#xE27;&#xE31;&#xE15;&#xE34;</subfield>
    <subfield code="9">66587</subfield>
  </datafield>
  <datafield tag="651" ind1=" " ind2="4">
    <subfield code="a">&#xE44;&#xE17;&#xE22;</subfield>
    <subfield code="x">&#xE0A;&#xE35;&#xE27;&#xE1B;&#xE23;&#xE30;&#xE27;&#xE31;&#xE15;&#xE34;</subfield>
    <subfield code="9">5860</subfield>
  </datafield>
  <datafield tag="942" ind1=" " ind2=" ">
    <subfield code="2">lcc</subfield>
    <subfield code="c">GB</subfield>
  </datafield>
  <datafield tag="996" ind1=" " ind2=" ">
    <subfield code="a">jidapa.t</subfield>
    <subfield code="b">ACQSTF</subfield>
    <subfield code="c">2025-09-16</subfield>
  </datafield>
  <datafield tag="996" ind1=" " ind2=" ">
    <subfield code="a">varee.k</subfield>
    <subfield code="b">LIBSTF</subfield>
    <subfield code="c">2025-09-17</subfield>
  </datafield>
  <datafield tag="996" ind1=" " ind2=" ">
    <subfield code="a">saiphon.d</subfield>
    <subfield code="b">CATSTF	</subfield>
    <subfield code="c">2025-09-18</subfield>
  </datafield>
  <datafield tag="999" ind1=" " ind2=" ">
    <subfield code="c">107203</subfield>
    <subfield code="d">107203</subfield>
  </datafield>
  <datafield tag="998" ind1=" " ind2=" ">
    <subfield code="j">104</subfield>
    <subfield code="k"> &#xE19;&#xE32;&#xE07;&#xE2A;&#xE32;&#xE27;&#xE2A;&#xE32;&#xE22;&#xE1D;&#xE19;  &#xE14;&#xE35;&#xE07;&#xE32;&#xE21;</subfield>
  </datafield>
  <datafield tag="952" ind1=" " ind2=" ">
    <subfield code="0">0</subfield>
    <subfield code="1">0</subfield>
    <subfield code="2">lcc</subfield>
    <subfield code="4">0</subfield>
    <subfield code="7">0</subfield>
    <subfield code="8">CGBL</subfield>
    <subfield code="a">NALT</subfield>
    <subfield code="b">NALT</subfield>
    <subfield code="c">GEN</subfield>
    <subfield code="d">2025-09-16</subfield>
    <subfield code="l">0</subfield>
    <subfield code="o">DS 578.32 &#xE2A;979&#xE2A; 2567</subfield>
    <subfield code="p">3961215610</subfield>
    <subfield code="r">2025-09-16 00:00:00</subfield>
    <subfield code="w">2025-09-16</subfield>
    <subfield code="y">GB</subfield>
  </datafield>
</record>
